000 00336nam a2200145Ia 4500
005 20251222141836.0
008 251222s9999||||xx |||||||||||||| ||spa||
020 _a84-271-1924-0
082 _a220.5/S29
100 _aSchókel, Luis Alonso
245 0 _aBiblia del Peregrino
250 _a4a.ed.
264 _bMensajero
942 _cLIB
999 _c7275
_d7275